000 00740nam a2200265Ia 4500
003 OSt
005 20221005092823.0
006 a|||||r|||| 00| 0
007 ta
008 221004b |||||||| |||| 00| 0 eng d
024 _a103617
037 _cTextual
040 _aCRL
_cCRL
_beng
041 _2eng
_aeng
082 _aB9:6p5,N72, L4
100 _aBarbanis B
_9617805
245 0 _aProceedings
_b galaxies and relativistic astrophysics
260 _aNew York
_bSpringer-Verlag
_c1974
490 _vVol.3
500 _aDSK Collection
650 _aMATHEMATICS
700 _a Hadjidemetriou J D
_9617806
942 _hB9:6p5,N72, L4
_cTEXL
_2cc
999 _c999403
_d999403